000 00520nam a2200181 a 4500
001 7120
003 CO-ViMGA
008 141112s2004 ck r 000 u spa d
040 _aCO-ViMGA
_bspa
_cCO-ViMGA
082 0 4 _a364.15 B177v
100 1 _aBarrera Dominguez, Humberto
_96221
245 1 0 _aDelitos contra la vida y la integridad personal :
_btitulo XIII del código penal
250 _a3a
260 _aBogotá :
_bLibrería del Profesional,
_c1995
300 _a212 p
650 1 4 _aDELITOS
_93324
942 _2ddc
_cBK
999 _c19085
_d19085